书目信息 |
| 题名: |
马克思主义的民生思想与实践
|
|
| 作者: | 李江凌 主编 | |
| 分册: | ||
| 出版信息: | 北京 中央编译出版社 2015.03 |
|
| 页数: | 318页 | |
| 开本: | 23cm | |
| 丛书名: | ||
| 单 册: | ||
| 中图分类: | A811.64 | |
| 科图分类: | ||
| 主题词: | 马克思主义--人民生活--思想评论 | |
| 电子资源: | ||
| ISBN: | 978-7-5117-2562-2 | |
| 000 | 01081nam0 2200253 450 | |
| 001 | 0120151512875 | |
| 005 | 20160704085215.90 | |
| 010 | @a978-7-5117-2562-2@dCNY86.00 | |
| 100 | @a20150325d2015 em y0chiy50 ea | |
| 101 | 0 | @achi |
| 102 | @aCN@b110000 | |
| 105 | @ay z 000yy | |
| 106 | @ar | |
| 200 | 1 | @a马克思主义的民生思想与实践@9ma ke si zhu yi de min sheng si xiang yu shi jian@dMarxist thought and practice of the people's livelihood@f李江凌主编@zeng |
| 210 | @a北京@c中央编译出版社@d2015.03 | |
| 215 | @a318页@d23cm | |
| 330 | @a本书从本体论、认识论、方法论、价值论等视角,对马克思主义的民生思想进行研究,初步把握其意义、本质、特征和价值,了解其解决民生问题的理念、原则、策略和方法。主要内容包括:马克思主义民生思想的逻辑起点;马克思、恩格斯的民生思想等。 | |
| 333 | @a政治、马列主义、经济学研究者 | |
| 510 | 1 | @aMarxist thought and practice of the people's livelihood@zeng |
| 606 | 0 | @a马克思主义@x人民生活@x思想评论 |
| 690 | @aA811.64@v5 | |
| 701 | 0 | @a李江凌@9li jiang ling@4主编 |
| 801 | 0 | @aCN@b人天书店@c20150325 |
| 905 | @b880490-95@dA811.64@e258@f6 | |
| 马克思主义的民生思想与实践=Marxist thought and practice of the people's livelihood/李江凌主编.-北京:中央编译出版社,2015.03 |
| 318页;23cm |
| 使用对象:政治、马列主义、经济学研究者 |
| ISBN 978-7-5117-2562-2:CNY86.00 |
| 本书从本体论、认识论、方法论、价值论等视角,对马克思主义的民生思想进行研究,初步把握其意义、本质、特征和价值,了解其解决民生问题的理念、原则、策略和方法。主要内容包括:马克思主义民生思想的逻辑起点;马克思、恩格斯的民生思想等。 |
| ● |
| 相关链接 |
|
|
|
|
正题名:马克思主义的民生思想与实践
索取号:A811.64/258
 
预约/预借
| 序号 | 登录号 | 条形码 | 馆藏地/架位号 | 状态 | 备注 |
| 1 | 880490 | 208804908 | 第一样本阅览室/ [索取号:A811.64/258] | 在馆 | |
| 2 | 880491 | 208804917 | 教育系资料室/ [索取号:A811.64/258] | 在馆 | |
| 3 | 880492 | 208804926 | 教育系资料室/ [索取号:A811.64/258] | 在馆 | |
| 4 | 880493 | 208804935 | 教育系资料室/ [索取号:A811.64/258] | 在馆 | |
| 5 | 880494 | 208804944 | 第一借阅区/ [索取号:A811.64/258] | 在馆 | |
| 6 | 880495 | 208804953 | 第一借阅区/ [索取号:A811.64/258] | 在馆 |